|
|
|
|
| LEADER |
00000nam0a2200000 4500 |
| 001 |
106011 |
| 005 |
20231031114734.0 |
| 010 |
|
|
|a 5942752443
|
| 035 |
|
|
|a (RuTPU)RU\TPU\book\114404
|
| 090 |
|
|
|a 106011
|
| 100 |
|
|
|a 20061130d2005 k y0rusy50 ca
|
| 101 |
0 |
|
|a rus
|
| 102 |
|
|
|a RU
|
| 105 |
|
|
|a a z 001zy
|
| 200 |
1 |
|
|a Ползучесть и релаксация остаточных напряжений в упрочнённых конструкциях
|f В. П. Радченко, М. Н. Саушкин
|
| 210 |
|
|
|a Москва
|c Машиностроение-1
|d 2005
|
| 215 |
|
|
|a 226 с.
|c ил.
|
| 320 |
|
|
|a Библиогр.: с. 212-226.
|
| 330 |
|
|
|a Рассматривается проблема образования остаточных напряжений и математического моделирования напряжённо-деформированного состояния в упрочнённом слое элементов конструкций после процедуры поверхностного пластического деформирования в условиях ползучести. Решён ряд прикладных задач релаксации остаточных напряжений для цилиндрического образца, толстостенных труб, растягиваемых пластин и дисков газотурбинных двигателей с концентраторами. Книга предназначена для научных работников, инженеров, а также может быть полезна аспирантам и студентам.
|
| 610 |
1 |
|
|a физика
|
| 610 |
1 |
|
|a упрочненные поверхности
|
| 610 |
1 |
|
|a остаточные напряжения
|
| 610 |
1 |
|
|a материалы
|
| 610 |
1 |
|
|a ползучесть
|
| 610 |
1 |
|
|a объемное разрушение
|
| 610 |
1 |
|
|a разупрочнение
|
| 610 |
1 |
|
|a напряженно-деформированное состояние
|
| 610 |
1 |
|
|a кинетика
|
| 610 |
1 |
|
|a расчет
|
| 610 |
1 |
|
|a поверхностно упрочненные слои
|
| 675 |
|
|
|a 539.4.01
|v 3
|
| 675 |
|
|
|a 539.376
|v 3
|
| 700 |
|
1 |
|a Радченко
|b В. П.
|g Владимир Павлович
|
| 701 |
|
1 |
|a Саушкин
|b М. Н.
|g Михаил Николаевич
|
| 801 |
|
1 |
|a RU
|b 63413507
|c 20061130
|g PSBO
|
| 801 |
|
2 |
|a RU
|b 63413507
|c 20061215
|g PSBO
|
| 942 |
|
|
|c BK
|